Normal view
MARC view
- Abdul Rehman Faisal Ayesha Babar Mashhood Ahmad Khan
Entry Personal Name
001 - CONTROL NUMBER
- control field: 119600
003 - CONTROL NUMBER IDENTIFIER
- control field: NUST
005 - DATE AND TIME OF LATEST TRANSACTION
- control field: 20231211095339.0
008 - FIXED-LENGTH DATA ELEMENTS
- fixed length control field: 231211|| aca||aabn | a|a d
040 ## - CATALOGING SOURCE
- Original cataloging agency: NUST
- Transcribing agency: NUST
100 ## - HEADING--PERSONAL NAME
- Personal name: Abdul Rehman Faisal Ayesha Babar Mashhood Ahmad Khan
670 ## - SOURCE DATA FOUND
- Source citation: Work cat.: (NUST): Abdul Rehman Faisal Ayesha Babar Mashhood Ahmad Khan, PR-SOF-2252-FPGA Implementation of CNN for Lung Cancer Diagnosis, 2023.
